Estatuto Tributario 2021 Contextualizado NIF y medidas por la pandemia Nm̤ina electrn̤ica /

Bibliographic Details
Main Author: Grajales Londoǫ, Gherson
Other Authors: Agudelo Giraldo, Luz Deicy
Format: eBook
Language:Spanish
Published: Bogot:̀ Ediciones de la U, 2021
Subjects:
Online Access:Acceso restringido

MARC

LEADER 00000nam a22000007a 4500
005 20210906223411.0
007 cr|||| ||||
008 210906s2021 co |||||s|||| 00||0 spa d
020 |a 978-958-792-245-5 
035 |a 35036 
040 |a vLex 
090 |c 12271  |d 12271 
100 1 |a Grajales Londoǫ, Gherson 
245 1 0 |a Estatuto Tributario 2021  |h [Recurso electrn̤ico] :  |b Contextualizado NIF y medidas por la pandemia Nm̤ina electrn̤ica /  |c Gherson Grajales Londoǫ, Luz Deicy Agudelo Giraldo 
256 |a Servicio en ln̕ea 
260 |a Bogot:̀  |b Ediciones de la U,  |c 2021 
300 |a 1 recurso electrn̤ico 
500 |a Esta publicacin̤ ha sido compilada teniendo en cuenta el agrupamiento de temas de comn︢ uso para el lector en un n̕dice alfabťico, adicionalmente se han comentado los cambios y jurisprudencia sobre las reformas tributarias de los l︢timos 20 aǫs. Se han incorporado recursos didc̀ticos como los mentefactos para la enseąnza del derecho tributario, y se han tratado los nuevos tp̤icos en materia de impuesto de renta, adems̀ de la contextualizacin̤ con los estǹdares internacionales IASB. Finalmente se podr ̀disfrutar de un complemento web disponible en www.edicionesdelau.com que contiene comentarios, concordancias, etc., que a travš del libro podr ̀acceder por medio de cd̤igos QR. 
506 1 |a Disponible solo en los productos indicados  |d vLex Global  |d vLex Global (Academic Edition, excluding Law Schools)  |d vLex Global (U.S. Academic Edition, Law Schools)  |d vLex Global (U.S. Academic Edition, excluding Law Schools)  |d vLex Global (Academic Edition, Law Schools) 
650 0 4 |a Derecho Tributario  |z Colombia 
700 1 |a Agudelo Giraldo, Luz Deicy 
740 0 |a vLex Libros (Servicio en ln̕ea) 
856 4 0 |u https://app.vlex.com/#/sources/35036  |z Acceso restringido 
942 |c BOOK 
999 0 |a Tax Law